书目信息 |
| 题名: |
工程经济学
|
|
| 作者: | 宋国防 , 贾湖 主编 | |
| 分册: | ||
| 出版信息: | 天津 天津大学出版社 2000 |
|
| 页数: | 402页 | |
| 开本: | 20cm | |
| 丛书名: | ||
| 单 册: | ||
| 中图分类: | F403.7 , F40 | |
| 科图分类: | ||
| 主题词: | 工程经济学 | |
| 电子资源: | ||
| ISBN: | 7-5618-1270-1 | |
| 000 | 00862nam0 2200241 450 | |
| 001 | 1557425780 | |
| 005 | 20150124161614.28 | |
| 010 | @a7-5618-1270-1@dCNY18.00 | |
| 100 | @a20000710d2000 em y0chiy0110 ea | |
| 101 | 0 | @achi |
| 102 | @aCN@b120000 | |
| 105 | @ay z 000yy | |
| 200 | 1 | @a工程经济学@9gong cheng jing ji xue@f宋国防,贾湖主编 |
| 210 | @a天津@c天津大学出版社@d2000 | |
| 215 | @a402页@d20cm | |
| 330 | @a工程经济学是工程与经济的交叉学科。本书介绍了工程经济学科的定义及其研究内容、工程经济学的产生和发展历史,并论述了投资项目评价指标体系及多项目方案的经济性比较与选优方法;并对包含风险因素的不确定性分析和工程项目的财务评价方法进行了介绍。 | |
| 606 | 0 | @a工程经济学 |
| 690 | @aF403.7@v5 | |
| 690 | @aF40@v4 | |
| 701 | 0 | @a宋国防@9song guo fang@4主编 |
| 701 | 0 | @a贾湖@9jia hu@4主编 |
| 801 | 0 | @aCN@bTSSF@c20150124 |
| 905 | @aZUCC@dF40@eJY18 | |
| 工程经济学/宋国防,贾湖主编.-天津:天津大学出版社,2000 |
| 402页;20cm |
| ISBN 7-5618-1270-1:CNY18.00 |
| 工程经济学是工程与经济的交叉学科。本书介绍了工程经济学科的定义及其研究内容、工程经济学的产生和发展历史,并论述了投资项目评价指标体系及多项目方案的经济性比较与选优方法;并对包含风险因素的不确定性分析和工程项目的财务评价方法进行了介绍。 |
| ● |
| 相关链接 |
|
|
|
|
正题名:工程经济学
索取号:F40/JY18
 
预约/预借
| 序号 | 登录号 | 条形码 | 馆藏地/架位号 | 状态 | 备注 |
| 1 | 7857040 | 278570404 | 学院路分馆/ [索取号:F40/JY18] | 在馆 |